تحميل...

Encyclopaedia of physics /

التفاصيل البيبلوغرافية
مؤلفون آخرون: Besancon, Robert M. (المحرر)
اللغة:Undetermined
منشور في: Van Nostrand Reinhold Co, N Y , 1985.
الطبعة:3rd ed.
الموضوعات:
LEADER 00512nam a2200169Ia 4500
001 17485
008 170722s9999 xx 000 0 und d
245 |a Encyclopaedia of physics / 
250 |a 3rd ed. 
260 |b Van Nostrand Reinhold Co, N Y ,  |c 1985. 
300 |a xx+1378  |c 25cms 
653 |a Encyclopedia 
653 |a Physics 
700 |a Besancon, Robert M.  |e editor. 
942 |c GEN 
999 |c 103604  |d 103604 
952 |0 0  |1 0  |4 0  |6 CK_M5_R  |7 0  |9 145985  |a LIB  |b LIB  |d 2013-03-25  |o Ck M5, R  |p 196581  |r 2017-08-12  |w 2017-08-12  |y GEN